Puente de arco con tres articulaciones en acero estructural

Պահպանված է:
Մատենագիտական մանրամասներ
Հիմնական հեղինակ: Alfaro Murillo, Darwin
Ձևաչափ: Գիրք
Հրապարակվել է: [San José , Costa Rica] 1978
Խորագրեր:
Ցուցիչներ: Ավելացրեք ցուցիչ
Չկան պիտակներ, Եղեք առաջինը, ով նշում է այս գրառումը!

MARC

LEADER 00000nam a2200000Ia 4500
003 001911
005 20221231144425.0
008 140114s1978 cr a m 000 ||s d
040 |c cru CEDI  
090 |a TFG 744 
100 |a Alfaro Murillo, Darwin  |9 16418 
245 |a Puente de arco con tres articulaciones en acero estructural 
260 |c 1978  |a  [San José , Costa Rica] 
300 |a  55 hojas : ilustraciones (1 plegables, color) ; 28 cm  
500 |a  Tesis (ingeniero civil)--Universidad de Costa Rica.  
650 |x PUENTES   |x DISEÑO  |9 16419 
942 |c TFG  |2 ddc 
999 |c 21671  |d 21671